Strindberg and the historical drama.

Bibliographic Details
Main Author: Johnson, Walter Gilbert, 1905-1983
Format: Book
Language:English
Published: Seattle : University of Washington Press, 1963.
Subjects:

MARC

Tag First Indicator Second Indicator Subfields
LEADER 00000cam a2200000 4500
001 in00000031758
005 20151007063112.0
008 730612s1963 wau 00000 eng u
010 |a  63009937  
035 |a (OCoLC)00639630 
035 |9 AAD6566AM 
040 |c ANC  |d TXA  |d UtOrBLW 
049 |a TXAM  |c [360632] 
050 0 |a PT9816  |b .J58 
092 |a 839.72  |b S918Yj 
100 1 |a Johnson, Walter Gilbert,  |d 1905-1983. 
245 1 0 |a Strindberg and the historical drama. 
264 1 |a Seattle :  |b University of Washington Press,  |c 1963. 
300 |a 326 pages ;  |c 22 cm. 
336 |a text  |b txt  |2 rdacontent 
337 |a unmediated  |b n  |2 rdamedia 
338 |a volume  |b nc  |2 rdacarrier 
600 1 0 |a Strindberg, August,  |d 1849-1912. 
999 |a MARS 
999 f f |s 71c4f7cf-d4b9-31d4-b665-8c7290a344f7  |i df60ba34-3408-3b78-9a31-eb5373e60036  |t 0 
952 f f |p normal  |a Texas A&M University  |b College Station  |c Sterling C. Evans Library  |d Evans: Library Stacks  |t 0  |e PT9816 .J58  |h Library of Congress classification  |i unmediated -- volume  |m A14801360400 
998 f f |a PT9816 .J58  |t 0  |l Evans: Library Stacks